000 00358nam a22001457a 4500
008 250519b |||||||| |||| 00| 0 eng d
040 _aRCL
082 _a320.9 B52P
100 _aBhagat, R.M.
245 _aPashchatya Rajnitik Chintan
260 _aJalandhar
_bNew Acadmic Pub.
_c2012p.
300 _a516p.
700 _aTandon,Satish
_927734
942 _cBK
999 _c47114
_d47114